| 000 | 00719cam a22002291 4500 | ||
|---|---|---|---|
| 001 | ca 22000620 | ||
| 003 | DLC | ||
| 005 | 20260227111110.0 | ||
| 007 | cr_||||||||||| | ||
| 008 | 860407s1922 kyu 000 0 eng | ||
| 010 | _aca 22000620 | ||
| 035 | _a(OCoLC)13399744 | ||
| 040 |
_aDLC _cKyRE _dDLC |
||
| 042 | _apremarc | ||
| 050 | 0 | 0 |
_aPS3521.L6 _bJ8 1922 |
| 100 | 1 | _aKline, Idaemay Clarendon. | |
| 245 | 1 | 0 |
_aJust human nature, _cby Idaemay Clarendon Kline. |
| 260 |
_a[Louisville, Ky., _bPrinted by Pentecostal publishing co., _cc1922] |
||
| 300 |
_a112 p. _c21 cm. |
||
| 530 | _aAlso available in digital form on the Internet Archive Web site. | ||
| 856 | 4 | 1 | _uhttp://hdl.loc.gov/loc.gdc/scd0001.00159738693 |
| 999 |
_c15628 _d15628 |
||